| 000 | 00864nam a22002537a 4500 | ||
|---|---|---|---|
| 001 | 7940 | ||
| 003 | FISKH | ||
| 005 | 20250814111120.0 | ||
| 008 | 250814b cb ||||| |||| 00| 0 eng d | ||
| 020 | _a070918003998 | ||
| 040 |
_aFISKH _beng _cFISKH _dFISKH |
||
| 050 | _aTL147 .W45 | ||
| 082 | _a629.222 | ||
| 100 | _aWeir, Catherine Daly | ||
| 245 |
_aAll aboard cars / _cby Catherine Daly Weir ; Illustrated by Courtney |
||
| 250 | _aThis edition published in 2007 | ||
| 260 |
_aNew York : _bGrosset & Dunlap, _c1996. |
||
| 300 |
_a32 unnumbered pages : _bcolor illustrations ; _c21 cm |
||
| 520 | _aText and illustrations introduce various types of automobiles including race cars, emergency vehicles, and cars of the future. | ||
| 650 |
_aTransportation v _vNnon-fiction |
||
| 700 |
_aCourtney _eillustrator |
||
| 942 |
_2ddc _cBK _n0 |
||
| 999 |
_c7940 _d7940 |
||